MARC

LEADER 00000nam0a2200000 4500
001 298155
005 20231102001057.0
020 |a RU  |b 83-26295 
035 |a (RuTPU)RU\TPU\book\323297 
090 |a 298155 
100 |a 20150616d1983 k y0rusy5003 ca 
101 0 |a rus 
102 |a RU 
105 |a a z 001zy 
200 1 |a Оптимизация региональных топливно-энергетических комплексов/ Характеристики эффективности ресурсов  |f М. И. Краева, Е. П. Жариков  |g Академия наук СССР (АН СССР), Дальневосточное отделение (ДВО), Институт экономических исследований (ИЭИ) 
210 |a Москва  |c Наука  |d 1983 
215 |a 126 с.  |c ил. 
225 1 |a Проблемы советской экономики 
320 |a Библиогр.: с. 124-125 
606 1 |a Топливно-энергетический комплекс  |x Экономика  |y Россия  |2 stltpush  |3 (RuTPU)RU\TPU\subj\67995  |9 83556 
610 1 |a математическое моделирование 
610 1 |a энергоресурсы 
610 1 |a оптимизация 
610 1 |a экономическая эффективность 
610 1 |a оценка 
610 1 |a планово-экономические методы 
610 1 |a экономические расчеты 
610 1 |a экономические показатели 
610 1 |a экономические решения 
610 1 |a согласование 
686 |a У9(2)0-554  |v LBC/SL-A  |2 rubbk 
700 1 |a Краева  |b М. И.  |g Маргарита Ивановна  |4 070 
701 1 |a Жариков  |b Е. П.  |g Евгений Прокофьевич  |4 070 
712 0 2 |a Академия наук СССР (АН СССР)  |b Дальневосточное отделение (ДВО)  |b Институт экономических исследований (ИЭИ)  |c (Хабаровск)  |2 stltpush  |3 (RuTPU)RU\TPU\col\20855 
801 0 |a RU  |b RuMRKP  |c 19950704  |g psbo 
801 1 |a RU  |b 63413507  |c 20150616 
801 2 |a RU  |b 63413507  |c 20170727  |g RCR 
942 |c BK